Statistics for Fighting games by character

Click here to take the quiz!

General Stats

  • This quiz has been taken 229 times
  • The average score is 10 of 19

Answer Stats

HintAnswer% Correct
Sub-ZeroMortal Kombat
98%
Chun-LiStreet Fighter
97%
MarioSuper Smash Bros.
89%
Jin KazamaTekken
89%
Phoenix WrightUltimate Marvel vs. Capcom 3
69%
NightwingInjustice: Gods Among Us
63%
Kyo KusanagiThe King of Fighters
62%
FulgoreKiller Instinct
57%
Ivy ValentineSoul Calibur
55%
Ryu HayabusaDead or Alive
51%
Ky KiskeGuilty Gear
49%
Ragna the BloodedgeBlazBlue
41%
Bad Mr. FrostyClayFighter
33%
Jeffry McWildVirtua Fighter
33%
AmakusaSamurai Shodown
26%
Jerry SpringerCelebrity Deathmatch
15%
ArmadonPrimal Rage
13%
Eiji ShinjoBattle Arena Toshinden
5%
Xavier PendragonEternal Champions
5%

Score Distribution

Percentile by Number Answered

Percent of People with Each Score

Your Score History

You have not taken this quiz